Kid Cudi Charting Songs (Billboard Hot Rap / R&B) - Statistics

General Stats
  • This quiz has been taken 28 times
    22 since last reset
  • The average score is 14 of 31
Answer Stats
Album Weeks On Peak Artist(s) Song % Correct
Man on the Moon: The End of Day 21 Weeks #5 Kid Cudi Day 'N' Nite
100%
THE SCOTTS 15 Weeks #1 THE SCOTTS, Travi$ Scott & Kid Cudi The Scotts
100%
Man on the Moon III: The Chosen 2 Weeks #12 Kid Cudi, Skepta & Pop Smoke Show Out
75%
Man on the Moon III: The Chosen 3 Weeks #7 Kid Cudi Tequila Shots
75%
Indicud 6 Weeks #17 Kid Cudi ft. King Chip Just What I Am
69%
Man on the Moon: The End of Day 13 Weeks #39 Kid Cudi ft. Kanye West & Common Make Her Say
63%
Man on the Moon III: The Chosen 1 Week #22 Kid Cudi Dive
56%
Man on the Moon III: The Chosen 1 Week #40 Kid Cudi ft. Phoebe Bridgers Lovin' Me
56%
Man on the Moon III: The Chosen 1 Week #16 Kid Cudi Another Day
50%
Man on the Moon III: The Chosen 1 Week #35 Kid Cudi & Trippie Redd Rockstar Knights
50%
Passion, Pain & Demon Slayin' 1 Week #47 Kid Cudi ft. Travi$ Scott Baptized in Fire
44%
Certified Lover Boy 3 Weeks #16 Drake ft. Kid Cudi IMY2
44%
It's Almost Dry 1 Week #25 Pusha T ft. Kanye West & Kid Cudi Rock N Roll
44%
Man on the Moon III: The Chosen 2 Weeks #9 Kid Cudi She Knows This
44%
Entergalactic 1 Week #15 Kid Cudi & Eminem The Adventures of Moon Man & Slim Shady
44%
Man on the Moon III: The Chosen 1 Week #32 Kid Cudi Beautiful Trip
38%
Man on the Moon III: The Chosen 1 Week #28 Kid Cudi Damaged
38%
Man on the Moon III: The Chosen 1 Week #39 Kid Cudi Elsie's Baby Boy (Flashback)
38%
Indicud 1 Week #48 Kid Cudi Immortal
38%
Man on the Moon III: The Chosen 1 Week #27 Kid Cudi Sad People
38%
Man on the Moon III: The Chosen 1 Week #37 Kid Cudi Sept. 16
38%
Man on the Moon III: The Chosen 1 Week #33 Kid Cudi The Void
38%
Man on the Moon III: The Chosen 1 Week #47 Kid Cudi 4 Da Kidz
31%
Indicud 2 Weeks #37 Kid Cudi ft. Too $hort Girls
31%
Man on the Moon III: The Chosen 1 Week #50 Kid Cudi Lord I Know
31%
Whole Lotta Red 1 Week #37 Playboi Carti ft. Kid Cudi M3tamorphosis
31%
Indicud 3 Weeks #28 Kid Cudi King Wizard
25%
Cruel Summer 1 Week #49 Raekwon, Pusha T, Common, 2 Chainz, Cyhi The Prynce, Kid Cudi & D'Banj The Morning
25%
Man on the Moon III: The Chosen 1 Week #44 Kid Cudi The Pale Moonlight
25%
Man on the Moon III: The Chosen 1 Week #24 Kid Cudi Heaven on Earth
19%
Man on the Moon III: The Chosen 1 Week #21 Kid Cudi Mr. Solo Dolo III
13%
No matching quizzes found
Score Distribution
Percent of People with Each Score
Percentile by Number Answered
Your Score History
You have not taken this quiz since the last reset